000 00201 a2200097 4500
001 3368
100 _aKersey, A.T.J
245 _aRippers heat engines
260 _a
_bLongmans
_c
090 _c2645
_d2645
942 _aNUST-CAE
_cM
_c18280
999 _c238441
_d238441